US State Governors - Statistics

General Stats
  • This quiz has been taken 38 times
  • The average score is 27 of 50
Answer Stats
Hint Answer % Correct
California Gavin Newsom
91%
Florida Ron DeSantis
91%
Texas Greg Abbott
86%
Illinois JB Pritzker
86%
New York Kathy Hochul
82%
Minnesota Tim Walz
82%
Michigan Gretchen Whitmer
77%
Georgia Brian Kemp
73%
Virginia Glenn Youngkin
73%
Pennsylvania Josh Shapiro
73%
Kansas Laura Kelly
73%
Arkansas Sarah Huckabee Sanders
73%
Maryland Wes Moore
73%
Kentucky Andy Beshear
68%
Vermont Phil Scott
68%
New Jersey Phil Murphy
64%
Wisconsin Tony Evers
64%
North Carolina Josh Stein
59%
Arizona Katie Hobbs
59%
Maine Janet Mills
55%
Colorado Jared Polis
55%
Alabama Kay Ivey
55%
Iowa Kim Reynolds
55%
Indiana Mike Braun
55%
Ohio Mike DeWine
55%
Tennessee Bill Lee
50%
Montana Greg Gianforte
50%
Louisiana Jeff Landry
50%
Mississippi Tate Reeves
50%
South Carolina Henry McMaster
45%
Nevada Joe Lombardo
45%
New Hampshire Kelly Ayotte
45%
Massachusetts Maura Healey
45%
Connecticut Ned Lamont
45%
Idaho Brad Little
41%
Delaware Matt Meyer
41%
New Mexico Michelle Lujan Grisham
41%
Alaska Mike Dunleavy
41%
Utah Spencer Cox
41%
Oregon Tina Kotek
41%
Rhode Island Dan McKee
36%
Hawaii Josh Green
36%
West Virginia Patrick Morrisey
36%
Washington Bob Ferguson
32%
Nebraska Jim Pillen
32%
Oklahoma Kevin Stitt
32%
North Dakota Kelly Armstrong
27%
South Dakota Larry Rhoden
27%
Wyoming Mark Gordon
27%
Missouri Mike Kehoe
27%
No matching quizzes found
Score Distribution
Percent of People with Each Score
Percentile by Number Answered
Your Score History
You have not taken this quiz